000 00284nam a2200121 a 4500
008 100914s1966|||| d
100 1 _aDombrovskij, Jurij
245 1 0 _aKudtód dávnoveku
020 _c14,50
044 _axo
_cSK
041 _aslo
260 _aBratislava
_c1966
_bTatran
999 _c10290
_d10290